000 00259nam a22001097a 4500
008 170126b xxu||||| |||| 00| 0 eng d
020 _a9780323029179
041 _aeng
080 _217TH
_a61
245 _aTHE HARRIET LANE HANDBOOK
_cHOPKINS, J
942 _2udc
_cBK
999 _c3704
_d3704